000 00502nam a2200181 a 4500
001 1665998
003 AM-YeHGA
005 20250617165035.0
008 191024n ru |||||r|||||||0|0|rus|d
040 _aAM-YeHGA
041 0 _arus
245 0 0 _aУчебник всеобщей истории /
260 _a[Санкт-Петербург] :
_bБ. и.,
_cБ. г.
300 _a243 ;
_c21 см.
650 1 4 _aВсеобщая история
_xУчебник
942 _2udc
_cBK
090 _c573085
999 _c533672
_d533672